<?xml version="1.0" encoding="UTF-8"?><?xml-stylesheet type="text/xsl" href="static/style.xsl"?><OAI-PMH xmlns="http://www.openarchives.org/OAI/2.0/" xmlns:xsi="http://www.w3.org/2001/XMLSchema-instance" xsi:schemaLocation="http://www.openarchives.org/OAI/2.0/ http://www.openarchives.org/OAI/2.0/OAI-PMH.xsd"><responseDate>2026-04-17T15:30:53Z</responseDate><request verb="GetRecord" identifier="oai:www.recercat.cat:2117/375665" metadataPrefix="marc">https://recercat.cat/oai/request</request><GetRecord><record><header><identifier>oai:recercat.cat:2117/375665</identifier><datestamp>2026-01-15T02:10:54Z</datestamp><setSpec>com_2072_1033</setSpec><setSpec>col_2072_452949</setSpec></header><metadata><record xmlns="http://www.loc.gov/MARC21/slim" xmlns:dcterms="http://purl.org/dc/terms/" xmlns:xsi="http://www.w3.org/2001/XMLSchema-instance" xmlns:doc="http://www.lyncode.com/xoai" xsi:schemaLocation="http://www.loc.gov/MARC21/slim http://www.loc.gov/standards/marcxml/schema/MARC21slim.xsd">
   <leader>00925njm 22002777a 4500</leader>
   <datafield ind2=" " ind1=" " tag="042">
      <subfield code="a">dc</subfield>
   </datafield>
   <datafield ind2=" " ind1=" " tag="720">
      <subfield code="a">Fonseca Alvarado, Maritza Carolina</subfield>
      <subfield code="e">author</subfield>
   </datafield>
   <datafield ind2=" " ind1=" " tag="720">
      <subfield code="a">Vodanovic Undurraga, Drago</subfield>
      <subfield code="e">author</subfield>
   </datafield>
   <datafield ind2=" " ind1=" " tag="720">
      <subfield code="a">Gutierrez Astete, Gonzalo</subfield>
      <subfield code="e">author</subfield>
   </datafield>
   <datafield ind2=" " ind1=" " tag="260">
      <subfield code="c">2022-11-04</subfield>
   </datafield>
   <datafield ind2=" " ind1=" " tag="520">
      <subfield code="a">From a reflection on the importance of visual thinking (VP) and critical observation in the architect’s education, this paper investigates mapping as a mechanism of graphic facilitation that allows an approach to the architectural context with a look filtered by the previous inquiry and guided in two main stages. A divergent stage, in which different elements of the context are explored and a convergent stage, in which critical observations are focused to generate a project purpose. The mapping experience developed in the Project Workshop, its foundations, methodology and results over several years of implementation are described. The methodology is based on seven criteria: Study, Contextualization, Verification, Co-construction, Concretion, Planning and Proposal, seeks to enhance the PV as a fundamental tool of the architect and shows how to generate elements of collective work that integrate diverse views on the living environment.</subfield>
   </datafield>
   <datafield ind2=" " ind1=" " tag="520">
      <subfield code="a">A partir de una reflexión sobre la importancia del pensamiento visual (PV) y la observación crítica en la formación del arquitecto, este trabajo indaga sobre el mapeo, o mapping en inglés, como mecanismo de facilitación gráfica que permite realizar una aproximación al contexto arquitectónico con una mirada filtrada por la indagación previa y guiada en dos grandes etapas una divergente en la que se exploran distintos elementos del contexto y una convergente en donde se focalizan las observaciones críticas para generar un propósito de proyecto. Se describe la experiencia de mapping desarrollada en el Taller de Proyectos, sus fundamentos, metodología y resultados a lo largo de varios años de implementación. La metodología basada en siete criterios: Estudio, Contextualización, Constatación, Co-construcción, Concreción, Planificación y Proposición, busca potenciar el PV como herramienta fundamental del arquitecto y muestra cómo generar elementos de trabajo colectivo que integran diversas miradas sobre el entorno habitable.</subfield>
   </datafield>
   <datafield ind2=" " ind1=" " tag="520">
      <subfield code="a">Peer Reviewed</subfield>
   </datafield>
   <datafield tag="653" ind2=" " ind1=" ">
      <subfield code="a">Àrees temàtiques de la UPC::Arquitectura</subfield>
   </datafield>
   <datafield tag="653" ind2=" " ind1=" ">
      <subfield code="a">Àrees temàtiques de la UPC::Ensenyament i aprenentatge</subfield>
   </datafield>
   <datafield tag="653" ind2=" " ind1=" ">
      <subfield code="a">Architecture -- Study and teaching (Higher)</subfield>
   </datafield>
   <datafield tag="653" ind2=" " ind1=" ">
      <subfield code="a">Cartography</subfield>
   </datafield>
   <datafield tag="653" ind2=" " ind1=" ">
      <subfield code="a">Mapping</subfield>
   </datafield>
   <datafield tag="653" ind2=" " ind1=" ">
      <subfield code="a">Visual thinking</subfield>
   </datafield>
   <datafield tag="653" ind2=" " ind1=" ">
      <subfield code="a">Co-construction of knowledge</subfield>
   </datafield>
   <datafield tag="653" ind2=" " ind1=" ">
      <subfield code="a">Critical thinking</subfield>
   </datafield>
   <datafield tag="653" ind2=" " ind1=" ">
      <subfield code="a">Relationship between architecture, city, territory, and landscape</subfield>
   </datafield>
   <datafield tag="653" ind2=" " ind1=" ">
      <subfield code="a">Mapeo</subfield>
   </datafield>
   <datafield tag="653" ind2=" " ind1=" ">
      <subfield code="a">Pensamiento visual</subfield>
   </datafield>
   <datafield tag="653" ind2=" " ind1=" ">
      <subfield code="a">Co-construcción de conocimientos</subfield>
   </datafield>
   <datafield tag="653" ind2=" " ind1=" ">
      <subfield code="a">Pensamiento crítico</subfield>
   </datafield>
   <datafield tag="653" ind2=" " ind1=" ">
      <subfield code="a">Relación entre arquitectura, ciudad, territorio y paisaje</subfield>
   </datafield>
   <datafield tag="653" ind2=" " ind1=" ">
      <subfield code="a">Arquitectura -- Ensenyament universitari</subfield>
   </datafield>
   <datafield tag="653" ind2=" " ind1=" ">
      <subfield code="a">Cartografia</subfield>
   </datafield>
   <datafield ind2="0" ind1="0" tag="245">
      <subfield code="a">Mapping como herramienta de pensamiento visual para la toma de decisiones proyectuales</subfield>
   </datafield>
   <datafield ind2="0" ind1="0" tag="245">
      <subfield code="a">Mapping as a visual thinking tool for design project decision</subfield>
   </datafield>
</record></metadata></record></GetRecord></OAI-PMH>